All Ontario GO Transit Stations - Statistics

General Stats
  • This quiz has been taken 209 times
  • The average score is 41 of 69
Answer Stats
Answer % Correct
Union Station
98%
Kitchener
91%
Milton
91%
Pearson Airport
89%
Oshawa
87%
Hamilton
86%
Richmond Hill
86%
Stouffville
84%
Niagara Falls
82%
Ajax
81%
Oakville
79%
Exhibition
77%
Guelph
77%
Brampton
76%
Burlington
76%
Pickering
75%
Scarborough
75%
Markham
73%
Port Credit
72%
Whitby
72%
Bloor
71%
Newmarket
69%
Mimico
68%
Aurora
66%
Bramalea
64%
Aldershot
63%
Danforth
62%
Long Branch
61%
Clarkson
59%
Weston
59%
Appleby
56%
Bronte
56%
Kennedy
56%
Kipling
56%
St. Catharines
56%
Eglinton
55%
Georgetown
55%
Bradford
54%
Old Cummer
52%
Unionville
52%
King City
51%
West Harbour
51%
Dixie
50%
Streetsville
50%
Barrie South
49%
Malton
49%
Agincourt
48%
Cooksville
48%
Rouge Hill
47%
Acton
46%
Meadowvale
45%
Allandale Waterfront
44%
Guildwood
44%
Maple
44%
Etobicoke North
42%
Downsview Park
41%
East Gwillimbury
41%
Erindale
41%
Langstaff
41%
Lisgar
41%
Milliken
41%
Mount Joy
41%
Mount Pleasant
41%
York University
41%
Oriole
40%
Rutherford
38%
Centennial
35%
Gormley
34%
Lincolnville
26%
No matching quizzes found
Score Distribution
Percent of People with Each Score
Percentile by Number Answered
Your Score History
You have not taken this quiz